00983nam a2200277 a 4500008004100000020004400041040002500085041001300110044001100123080002000134080000800154080000800162100002700170245020100197250001300398260004800411300003400459490001500493500003500508700002600543700002800569700002700597700002700624700002900651700002500680951027s1989||||[C 0 slo c a8022100226c34 Kčs. q(20000 výtl.) aSNKbslocSNKeAACR21 aslohcze axocSK a784.66(437):929 a929 a9291 aVejvoda, Jiří4aut10aNárok na rockb25 vyznaní československých rockových hviezdcJiří Vejvoda ; Barbara Mokrá, Vladislav Rostoka, Jiří Vlček, Peter Župník, Josef Kratochvíl, Tibor Borský a1., vyd. aBratislavabSmenac1989eBratislavafPravda a352 s., 19,35 AHbFot.c20 cm0 aRovesník aIlustr. na tit. liste a front.1 aMokrá, Barbara4trl1 aRostoka, Vladislav4bkd1 aVlček, Jiří4bkd1 aŽupník, Peter4bkd1 aKratochvíl, Josef4bkd1 aBorský, Tibor4bkd